Online Catalogue and eLibrary

The sorrow of unanswered questions (Record no. 2978)

MARC details
000 -LEADER
fixed length control field 00440nam a2200169Ia 4500
005 - DATE AND TIME OF LATEST TRANSACTION
control field 20240812065508.0
008 - FIXED-LENGTH DATA ELEMENTS--GENERAL INFORMATION
fixed length control field 240331s9999 xx 000 0 und d
020 ## - INTERNATIONAL STANDARD BOOK NUMBER
ISBN 9555800596
082 ## - DDC Classification
Item Number - Author Mark MIS
Class No. 398.27
100 ## - MAIN ENTRY--PERSONAL NAME
Personal name Misra, J
245 #4 - TITLE STATEMENT
Title The sorrow of unanswered questions
260 ## - PUBLICATION, DISTRIBUTION, ETC.
Place of publication, distribution, etc. Colombo
Name of publisher, distributor, etc. International Centre for ethnic Studies
Date of publication, distribution, etc. 2001
300 ## - PHYSICAL DESCRIPTION
Extent (e.g. Volumes, Pages etc.) xvii, 77 p .,
650 ## - SUBJECT ADDED ENTRY--TOPICAL TERM
Topical term or geographic name entry element Woman
650 ## - SUBJECT ADDED ENTRY--TOPICAL TERM
Topical term or geographic name entry element Religion Rituals
942 ## - Koha item type (Biblio)
Koha item type Books in Stacks (Lending)
Holdings
Lost status Damaged status Collection code Home library Current library Shelving location Date acquired Full call number Accession Number Item type
    Lending WERC Library WERC Library Social Science Cupboard 03/31/2024 398.27 MIS 4571 Books in Stacks (Lending)

© WERC Library